IFM Opac

Projects: Planning: Analysis,Selection,Financing,Implementation and Review. (Record no. 11763)

MARC details
000 -LEADER
fixed length control field 00622nam a2200229Ia 4500
003 - CONTROL NUMBER IDENTIFIER
control field OSt
005 - DATE AND TIME OF LATEST TRANSACTION
control field 20220817091941.0
008 - FIXED-LENGTH DATA ELEMENTS--GENERAL INFORMATION
fixed length control field 220817b |||||||| |||| 00| 0 eng d
020 ## - INTERNATIONAL STANDARD BOOK NUMBER
International Standard Book Number 9780070077935
040 ## - CATALOGING SOURCE
Transcribing agency IFM Library
082 ## - DEWEY DECIMAL CLASSIFICATION NUMBER
Classification number 658.404
100 ## - MAIN ENTRY--PERSONAL NAME
Personal name Chandra, Prasanna
9 (RLIN) 560
245 ## - TITLE STATEMENT
Title Projects: Planning: Analysis,Selection,Financing,Implementation and Review.
250 ## - EDITION STATEMENT
Edition statement 7th ed
260 ## - PUBLICATION, DISTRIBUTION, ETC.
Place of publication, distribution, etc. New Delhi:
260 ## - PUBLICATION, DISTRIBUTION, ETC.
Name of publisher, distributor, etc. Tata McGraw Hill,
260 ## - PUBLICATION, DISTRIBUTION, ETC.
Date of publication, distribution, etc. 2009
300 ## - PHYSICAL DESCRIPTION
Extent xxi, 745p.
Other physical details : ill.; 24cm.
500 ## - GENERAL NOTE
General note Includes Index
650 ## - SUBJECT ADDED ENTRY--TOPICAL TERM
Topical term or geographic name entry element Project Management
9 (RLIN) 3205
942 ## - ADDED ENTRY ELEMENTS (KOHA)
Koha item type Books
Source of classification or shelving scheme Dewey Decimal Classification
Edition 7th ed.
Suppress in OPAC No
Holdings
Withdrawn status Lost status Source of classification or shelving scheme Damaged status Not for loan Collection code Home library Current library Shelving location Date acquired Source of acquisition Total Checkouts Full call number Barcode Date last seen Price effective from Koha item type
    Dewey Decimal Classification     Non-fiction IFM Main Campus Library IFM Main Campus Library General Collection 08/17/2022 Purchase   658.404 CHA 0000027692 05/12/2017 02/19/2022 Books
    Dewey Decimal Classification     Non-fiction IFM Main Campus Library IFM Main Campus Library General Collection 08/17/2022 Purchase   658.404 CHA 0000027694 05/15/2015 02/19/2022 Books
    Dewey Decimal Classification     Non-fiction Zanzibar Campus Zanzibar Campus Zanzibar Campus library 09/24/2021 Purchase   658.404 CHA 0000027690 05/15/2015 02/19/2022 Books
    Dewey Decimal Classification     Non-fiction Zanzibar Campus Zanzibar Campus Zanzibar Campus library 09/02/2022 Purchase   658.404 CHA 0000027691 05/15/2015 02/19/2022 Books
    Dewey Decimal Classification     Non-fiction Zanzibar Campus Zanzibar Campus Zanzibar Campus library 08/17/2022 Purchase   658.404 CHA 0000021528 10/09/2017 02/19/2022 Books
    Dewey Decimal Classification     Non-fiction Zanzibar Campus Zanzibar Campus Zanzibar Campus library 08/17/2022 Purchase   658.404 CHA 0000017882 08/17/2022 02/19/2022 Books